000 00411 a2200157 4500
005 20250505133306.0
020 _a07-033475-7
082 _a658.04 KEI
100 _aKEITH, L. M.
245 _aIntroduction to Business Enterprise.
250 _a3rd Ed
260 _aNew York,
_bMcGraw- Hill,
_c1971.
300 _aViii, 613p.: ill.; figure, table
_bIndex
_c23cm.
700 _aGUBELLINI, C. E.
942 _2ddc
_cBKS
999 _c1939
_d1939